zpět

Detail výsledku týmu

Pivovar Podlesí, Příbram

Datum a čas kvízu

30 Celkem bodů Celkový počet nahraných bodů na tomto kvízu bez doplňovacích otázek.
5. Pořadí na kvízu Konečné umístění týmu na tomto kvízu.

Zaznamenané odpovědi

# Otázka Odpověď Body Výsledky
1. Na kterém českém hradě skončil... na Karlštejně 1
2. Minulý týden vyšla zpráva o to... D) papoušky 0
3. Minulý týden byly rozděleny pr... Patrik Banga 0
4. Japonská společnost Sega oznám... Angry Birds 0
5. Minulý týden začal soudní proc... Roman Berbr, Plzeň 0
6. O slovanských bozích a mýtech... Perun, Mokoš/Mokoša/Makoša 0.5
7. Níže zobrazený český lékař a b... Jan Evangelista Purkyně, Živa 0.5
8. Známou mýtickou bytostí slovan... třikrát 0
9. Seřaďte tyto slovanské svátky... 1A 2C 3B 4D 1
10. Ve fantasy románu Američtí ___... Američtí bohové, Neil Gaiman 0